000 00466nam a2200181Ia 4500
008 100917s9999 xx 000 0 und d
082 _b44249
100 _aदेसाई नयनतारा
245 _aमळभ
260 _bउत्कर्ष प्रकाशन
_c1980
300 _a183
365 _b20
520 _aकादंबरी
630 _aमळभ
650 _aकादंबरी
730 _aमळभ
942 _cBOOK
999 _c649643
_d649640